Kontrola vecnej správnosti podvojného účtovníctva v praxi bakalárska práca

Guardado en:
Detalles Bibliográficos
Autor principal: Ondrušová, Emma
Autor Corporativo: Fakulta hospodárskej informatiky EU. Katedra účtovníctva a audítorstva
Otros Autores: Domaracká, Denisa
Formato: Libro
Lenguaje:eslovaco
Publicado: Bratislava 2020
Etiquetas: Agregar Etiqueta
Sin Etiquetas, Sea el primero en etiquetar este registro!

MARC

LEADER 00000nbm a2200000 4500
001 0264724
005 20210427213838.3
041 0 |a slo 
044 |a SK 
245 1 0 |a Kontrola vecnej správnosti podvojného účtovníctva v praxi  |b bakalárska práca  |c Emma Ondrušová ; školiteľ: Denisa Domaracká 
264 1 |a Bratislava  |c 2020 
300 |a 47 s. 
100 1 |a Ondrušová, Emma 
700 1 |a Domaracká, Denisa 
710 2 |a Fakulta hospodárskej informatiky EU. Katedra účtovníctva a audítorstva